000 00354nam a2200145Ia 4500
008 191201s2011 xx 000 0 und d
082 _a658.0018
_bYAC
100 _aYADAVA,Abhishak
245 0 _aComputer Applications in Management
250 _a1st
260 _aN. Delhi
_bGlobal vision pub
_c2011
300 _a411
650 _aBBA
942 _2ddc
_cBK
999 _c4936
_d4936